000 00457nam a2200145Ia 4500
999 _c10494
_d10494
003 OSt
005 20220407130011.0
008 220318s9999 xx 000 0 und d
020 _a9780367408756
082 _a628.532
100 _a Erickson, L. E. (Larry Eugene), 1938-; Brase, Gary; Erickson, L. E. 1938-
245 0 _aReducing greenhouse gas emissions and improving air quality : two interrelated global challenges
260 _aRoutledge
942 _2ddc